Nuevo arte de domar caballos / (Record no. 162967)

MARC details
000 -LEADER
campo de control de longitud fija 00737nam a2200193 i 4500
001 - NÚMERO DE CONTROL
campo de control 162967
003 - IDENTIFICADOR DE NÚMERO DE CONTROL
campo de control ES-MaACL
005 - FECHA Y HORA DE LA ÚLTIMA TRANSACCIÓN
campo de control 20230906212635.0
008 - DATOS DE LONGITUD FIJA--INFORMACIÓN GENERAL
campo de control de longitud fija 050706s1859 sp a | |||||||| ||spa d
100 1# - ENTRADA PRINCIPAL--NOMBRE DE PERSONA
Nombre de persona Rarey, J.S.
9 (RLIN) 131614
245 10 - MENCIÓN DEL TÍTULO
Título Nuevo arte de domar caballos /
Mención de responsabilidad, etc. escrito en inglés por J.S. Rarey ; traducido y adicionado por J.M.P.
260 ## - PUBLICACIÓN, DISTRIBUCIÓN, ETC.
Lugar de publicación, distribución, etc. Cádiz :
Nombre del editor, distribuidor, etc. [s.n.],
Fecha de publicación, distribución, etc. 1859 (
Fabricante Imp. de la Revista Médica)
300 ## - DESCRIPCIÓN FÍSICA
Extensión 77 p., [5] h. de lám. ;
Dimensiones 16 cm.
599 ## - NOTA A LAS ILUSTRACIONES
NOTA A LAS ILUSTRACIONES Lám.: retrato del autor e imágenes de doma de caballos.
650 #4 - PUNTO DE ACCESO ADICIONAL DE MATERIA--TÉRMINO DE MATERIA
Término de materia o nombre geográfico como elemento de entrada Caballos-
Subdivisión general Adiestramiento.
9 (RLIN) 173683
700 1# - ENTRADA AGREGADA--NOMBRE PERSONAL
Nombre de persona Mesa y Pastor, José de.
9 (RLIN) 129868
752 ## - ENTRADA AGREGADA--NOMBRE JERÁRQUICO DEL LUGAR
País o entidad superior España -
Ciudad Cádiz
852 ## - LOCALIZACIÓN
Ubicación ES-MaACL
Número de control de estantería Fol-Laf-508
Nota libre - Legado Modesto de la Fuente
Holdings
Estatus retirado Estado de pérdida Estado de daño No para préstamo Colección Biblioteca de origen Biblioteca actual Ubicación en estantería Fecha de adquisición Fuente de adquisición Total de préstamos Signatura topográfica completa Código de barras Visto por última vez Precio de reemplazo Tipo de ítem Koha
        Colección de folletos Biblioteca del Ateneo de Madrid Biblioteca del Ateneo de Madrid Depósito folletos 17/01/2008     Fol-Laf-508 1170747 23/02/2023 23/02/2023 Folleto